03276nam a2200337 a 450000100100000000500170001000800410002702000180006804000250008608200190011110000300013024501890016026000360034930000280038559000270041350000730044050400310051350515110054465000430205565000380209865000230213670000410215971000520220091000370225295201310228995201310242095201310255195201170268295201220279999900170292100001609620240502134558.0100225s2008 dr a 001 0 spa d a9789993425755 aDO-SdBNPbspacBNPHU a658.154bS838p1 aSterling O., Fanny93608210aDel presupuesto al plan anual de utilidades :bevolución de la presupuestación en los sistemas de planeamiento en las empresas /cFanny Sterling O. ; prólogo Paulo Herrera Maluf. aSanto Domingo, :bINTEC,c2008. a192 p. :bil. ;c23 cm. aInventariado, 2018/ YL aIncluye datos biográficos de la autora en la solapa de la cubierta aBibliografía: p. 187-1920 aIntroducción -- El contexto evolutivo de la presupuestación El paralelismo evolutivo de la administración como ciencia aplicada y el presupuesto -- El producto del pensamiento administrativo : las herramientas técnicas como instrumentos de trabajo de la gerencia -- De las herramientas gerenciales de la sociedad industrial a las de la sociedad de la información -- Las técnicas y enfoques surgidos en la sociedad industrial 35 Las técnicas y enfoques de la sociedad de la información -- La evolución del presupuesto como herramienta gerencial : un caso de excepción Una evolución interesante del presupuesto de la sociedad industrial al plan anual de utilidades de la sociedad de la información -- Evolución de la presupuestación en los sistemas de planeamiento en las empresas -- Evolución del planeamiento en las organizaciones -- Las 5 etapas en la evolución del planeamiento en las organizaciones -- Etapa I (1910-193X) : presupuestos anuales -- Etapa II (194X-195X) : presupuestos y proyecciones a largo plazo -- Etapas III (1960-1965) y IV (1965-197X) : plan anual de utilidades, planeamiento estratégico y la estrategia -- Etapa V (1979-20XX)) : plan anual de utilidades y la administración estratégica -- Evolución de la presupuestación : síntesis valorativa -- Los trends de la presupuestación -- La presupuestación y el plan anual de utilidades : una mirada prospectiva -- Necesidad de cambios en el proceso de presupuestación -- La prospectiva. 4aPresupuesto (empresas privadas)936083 4aAdministración financiera96342 0aPresupuesto 9640412aHerrera Maluf, Pauloepról.93608422aInstituto Tecnológico de Santo Domingo978911 aValidado. Control de calidad MFF 001054708DSaGRbGRcHDd2010-02-25iLF1l0o658.154 S838pp16096-30r2020-06-25te.3w2020-06-25yLFDSZPréstamo en sala 001054708DSaGRbGRcHDd2013-06-11iLF1l0o658.154 S838pp16096-40r2020-06-25te.4w2020-06-25yLFDSZPréstamo en sala 001054708DSaGRbGRcHDd2013-06-20iLF1l0o658.154 S838pp16096-50r2020-06-25te.5w2020-06-25yLFDSZPréstamo en sala 0010718PDaPDbPDcHDd2010-02-25iLF1l0o658.154 S838pp16096-10r2020-06-25w2020-06-25yLFPDZNo se presta 0010718PDaPDbPDcHDd2010-02-25iLF1l0o658.154 S838pp16096-20r2020-06-25te.2w2020-06-25yLFPDZNo se presta c15637d15637